000 00790nam a2200205 i 4500
001 167213
003 ES-MaACL
005 20231229063055.0
008 001220q1878 sp |||| | spa d
040 _aCCPB | B
_bspa
_cCCPB | B
100 1 _aVerdaguer, Jacint,
_d1845-1902
_9113998
245 1 3 _aLa Atlántida
_b: poema catalán /
_cde Jacinto Verdaguer ; traducido en verso castellano por José María de Despujol y de Dusay.
260 _aBarcelona :
_bLibrería de Juan Oliveres,
_c[1878?]
300 _aVII, 136 p. ;
_c22 cm.
596 _aEn port. consta: Premiado en los Juegos Florales de Barcelona en 1877.
700 1 _aDespujol y de Dusay, José María de.
_9126776
852 _aES-MaACL
_jB-5658
_z-- Rúst.
999 _c167213
_d167213